Law relating to cruelty to husband: (Record no. 27369)

MARC details
000 -LEADER
fixed length control field 01222nam a22002897a 4500
005 - DATE AND TIME OF LATEST TRANSACTION
control field 20090611121533.0
008 - FIXED-LENGTH DATA ELEMENTS--GENERAL INFORMATION
fixed length control field 080814t xxu||||| |||| 00| 1 eng d
010 ## - LCCN (DPL NO)
LC control number ENG-93945
020 ## - INTERNATIONAL STANDARD BOOK NUMBER
International Standard Book Number 9788175346543
Terms of availability 340.00
035 ## - SYSTEM CONTROL NUMBER
System control number EN-77478
037 ## - SOURCE OF ACQUISITION
Source of stock number/acquisition DBAD / PUB
040 ## - CATALOGING SOURCE
Original cataloging agency DPL
Language of cataloging English
082 ## - DEWEY DECIMAL CLASSIFICATION NUMBER
Classification number 346.540166
100 ## - MAIN ENTRY--PERSONAL NAME
Personal name Das, P.K.
245 ## - TITLE STATEMENT
Title Law relating to cruelty to husband:
Statement of responsibility, etc by P.K. Das
Remainder of title divorce and maintenance to wife /
260 ## - PUBLICATION, DISTRIBUTION, ETC. (IMPRINT)
Place of publication, distribution, etc Delhi
Name of publisher, distributor, etc Univrsal Law Publishing
Date of publication, distribution, etc 2008
270 ## - ADDRESS
Address C-FF-1A, Dilkhush Industrial Estate, (Opp. Hans Cinema, Azadpur), G.T. Karnal Road,
City Delhi
Postal code 110033
300 ## - PHYSICAL DESCRIPTION
Extent xxxvi, 352p.
Dimensions 25cm(pbk)
500 ## - GENERAL NOTE
General note Includes index
650 ## - SUBJECT ADDED ENTRY--TOPICAL TERM
Topical term or geographic name as entry element Husband abuse
Geographic subdivision India
650 ## - SUBJECT ADDED ENTRY--TOPICAL TERM
Topical term or geographic name as entry element Husbands
General subdivision legal status, laws etc
Geographic subdivision India
650 ## - SUBJECT ADDED ENTRY--TOPICAL TERM
Topical term or geographic name as entry element Husband and wife
Geographic subdivision India
650 ## - SUBJECT ADDED ENTRY--TOPICAL TERM
Topical term or geographic name as entry element Divorce
Geographic subdivision India
942 ## - ADDED ENTRY ELEMENTS (KOHA)
Source of classification or shelving scheme Dewey Decimal Classification
Item type English Books
Call number suffix DAS
Classification part 346.540166
Holdings
Withdrawn status Lost status Source of classification or shelving scheme Damaged status Not for loan Collection code Home library Current library Date acquired Source of acquisition Cost, normal purchase price Total Checkouts Full call number Barcode Date last seen Copy number Cost, replacement price Koha item type
    Dewey Decimal Classification   Not For Loan Non-fiction D.B.Act.Division D.B.Act.Division 11/06/2009 DBAD / PUB 340.00   346.540166 DAS EN-77478 11/06/2009 1 340.00 English Books

© Delhi Public Library
Hit Counter
free hit counter